书目信息 |
| 题名: |
十二章
|
|
| 作者: | 王帅 著 | |
| 分册: | ||
| 出版信息: | 北京 作家出版社有限公司 2025.03 |
|
| 页数: | 99页 | |
| 开本: | 19cm | |
| 丛书名: | ||
| 单 册: | ||
| 中图分类: | I227.1 | |
| 科图分类: | ||
| 主题词: | 新诗--诗集--中国--当代 | |
| 电子资源: | ||
| ISBN: | 978-7-5212-3228-8 | |
| 000 | 00870nam0 2200229 450 | |
| 001 | 01134558 | |
| 005 | 20251022112051.66 | |
| 010 | @a978-7-5212-3228-8@b精装@dCNY56.00 | |
| 100 | @a20250325d2025 em y0chiy0120 ea | |
| 101 | 0 | @achi |
| 102 | @aCN@b110000 | |
| 105 | @ay z 000gy | |
| 106 | @ar | |
| 200 | 1 | @a十二章@9shi er zhang@f王帅著 |
| 210 | @a北京@c作家出版社有限公司@d2025.03 | |
| 215 | @a99页@d19cm | |
| 330 | @a本书收录了《哪里》《短章》《风——假借生活的名义》《无题》《麦地》《致远方的朋友》《失明》《时间让我突然伤感》《断章》等诗歌作品,内容不外乎柴米油盐、饮酒畅聊、家人故友,诗人在短小的诗行中回忆思考、品味生活、打趣岁月、怀念往昔,没有刻意的表达,语言天马行空,自在不着边迹。 | |
| 606 | 0 | @a新诗@x诗集@y中国@z当代 |
| 690 | @aI227.1@v5 | |
| 701 | 0 | @a王帅@9wang shuai@4著 |
| 801 | 0 | @aCN@c20250910 |
| 905 | @a河南城建学院图书馆@dI227.1@eW353@ZW353@f1 | |
| 十二章/王帅著.-北京:作家出版社有限公司,2025.03 |
| 99页;19cm |
| ISBN 978-7-5212-3228-8(精装):CNY56.00 |
| 本书收录了《哪里》《短章》《风——假借生活的名义》《无题》《麦地》《致远方的朋友》《失明》《时间让我突然伤感》《断章》等诗歌作品,内容不外乎柴米油盐、饮酒畅聊、家人故友,诗人在短小的诗行中回忆思考、品味生活、打趣岁月、怀念往昔,没有刻意的表达,语言天马行空,自在不着边迹。 |
| ● |
| 相关链接 |
|
|
|
正题名:十二章
索取号:I227.1/W353
 
预约/预借
| 序号 | 登录号 | 条形码 | 馆藏地/架位号 | 状态 | 备注 |
| 1 | 1633654 | 216336542 | 文学库108/108文学库 19排1列3层/ [索取号:I227.1/W353] |
已借出,限还日期为2025.12.14 借出人:张梁源 |